000 00645cam a22002293a 4500
001 31608
003 PGUSA
005 20140828083701.0
008 100312s2010||||xxu|||||s|||||000 | eng d
040 _aPGUSA
_beng
042 _adc
050 4 _aBL
100 1 _aSaltus, Edgar,
_d1855-1921
245 1 4 _aThe Lords of the Ghostland :
_bA History of the Ideal
_h[electronic resource] /
_cEdgar Saltus
260 _bProject Gutenberg,
_c2010
506 _aPublic domain in the USA.
516 _aElectronic text
653 _aReligions
830 0 _aProject Gutenberg
_v31608
856 4 0 _uhttp://www.gutenberg.org/ebooks/31608
942 _cEB
999 _c260863
_d260863